Catálogo

Vista normal Vista MARC

Entrada Personal Name

Número de registros utilizados en: 1

001 - CONTROL NUMBER

  • control field: 16238

003 - CONTROL NUMBER IDENTIFIER

  • control field: DLC

005 - DATE AND TIME OF LATEST TRANSACTION

  • control field: 20240919114246.0

008 - FIXED-LENGTH DATA ELEMENTS

  • fixed length control field: 800730n| acannaab |b aaa

010 ## - LIBRARY OF CONGRESS CONTROL NUMBER

  • LC control number: n 50039727

040 ## - CATALOGING SOURCE

  • Original cataloging agency: DLC
  • Transcribing agency: Mx-PuUPA
  • Modifying agency: DLC
  • Modifying agency: Mx-PuUPA
  • Language of cataloging: spa
  • Description conventions: rda

046 ## - SPECIAL CODED DATES

  • Birth date: 19220325
  • Death date: 19980226

100 10 - HEADING--PERSONAL NAME

  • Personal name: Haar, Jaap ter,
  • Dates associated with a name: 1922-1998

370 ## - ASSOCIATED PLACE

  • Place of birth: Hilversum, Países Bajos
  • Place of death: Laren, Países Bajos

374 ## - OCCUPATION

  • Occupation: Autor

375 ## - GENDER

  • Gender: hombre

377 ## - ASSOCIATED LANGUAGE

  • Language code: eng

400 10 - SEE FROM TRACING--PERSONAL NAME

  • Personal name: Haar, J. T.
  • Dates associated with a name: 1922-1998

400 10 - SEE FROM TRACING--PERSONAL NAME

  • Personal name: Haar, J. ter
  • Dates associated with a name: 1922-1998

400 10 - SEE FROM TRACING--PERSONAL NAME

  • Personal name: Ter Haar, Jaap
  • Dates associated with a name: 1922-1998

670 ## - SOURCE DATA FOUND

  • Source citation: Author's Danger on the mountain, 1960.

670 ## - SOURCE DATA FOUND

  • Source citation: His Boris, 2009:
  • Information found: ECip t.p. (Jaap ter Haar) Data view (Ter Haar, Jaap; b. March 25, 1922- ; d. February 26, 1998)